000 00906nam a22003137a 4500
001 0026522
003 KOHA_MİRAKIL
005 20260207002530.0
007 ta
008 101222b tu |||gr||||#||||0|tur |
040 _aTR-BiSEU
_btur
_cTR-BiSEU
_erda
041 0 _atur
044 _ctu
050 _aDF552
_b.B35 [t.y.]
100 1 _aBailly, Auguste.
245 1 _aBizans tarihi/
_cAuguste Bailly ; Auguste Bailly ; çeviren Haluk Şaman.
264 1 _aİstanbul :
_bTercüman
_c[t.y.]
300 _ac. ;
_c20 cm.
336 _ametin
_btxt
_2rdacontent
337 _aaracısız
_bn
_2rdamedia
338 _acilt
_bnc
_2rdacarrier
490 1 _aTercüman 1001 Temel eser ;
_vno.
490 1 _a46.
500 _aTranslation of : Byzance.
650 0 _aByzantine Empire--History.
_921165
830 1 _aTercüman 1001 Temel eser ;
_vno.
_952644
830 1 _a46.
_95548
942 _2lcc
_cBK
999 _c26461
_d26461